| 000 | 00898nac a22002171u 4500 | ||
|---|---|---|---|
| 010 | _a 94030554 | ||
| 020 | _a0471585122 (paper) | ||
| 082 | 0 | 0 |
_a005.133 _bS331 |
| 090 |
_c4486 _d4486 |
||
| 100 | _aSchick, William. | ||
| 245 | 1 | 0 |
_aFortran 90 and engineering computation / _cWilliam Schick, Gordon Silverman. |
| 260 |
_aNew York : _bWiley, _cc1995. |
||
| 300 |
_axvi, 425 p. : _bill. ; _c26 cm. |
||
| 500 | _aIncludes index. | ||
| 650 | 0 | 0 | _aFORTRAN 90 (Computer program language) |
| 700 | 1 | _aSilverman, Gordon. | |
| 856 | 4 | 2 |
_3Publisher description _uhttp://www.loc.gov/catdir/description/wiley032/94030554.html |
| 856 | 4 | 2 |
_3Table of Contents _uhttp://www.loc.gov/catdir/toc/onix02/94030554.html |
| 942 |
_cBB _k005.133S331 |
||
| 999 |
_c4486 _d4486 |
||